U.S Geography A-Z - Statistics

General Stats
  • This quiz has been taken 75 times
  • The average score is 18 of 24
Answer Stats
Letter Clue Answer % Correct
M Great Lake Lake Michigan
99%
K State in between Missouri and Colorado Kansas
97%
G State with capital at Atlanta Georgia
96%
H Mauna Kea is on this island Hawaii
96%
I State with capital at Des Moines Iowa
93%
J Capital of Mississippi Jackson
93%
U The Great Salt Lake is in this state Utah
93%
V State with capital at Richmond Virginia
90%
N Waterfall on the border with Canada Niagara Falls
88%
L Capital of Arkansas Little Rock
85%
E National Park in Florida Everglades
82%
O River on border of Kentucky and Indiana Ohio River
79%
P Capital of South Dakota Pierre
75%
C City on Lake Erie Cleveland
71%
F Largest city in North Dakota Fargo
71%
A Largest city in New Mexico Albuquerque
69%
D Tallest mountain Mt. Denali
69%
T Lake on border of California and Nevada Lake Tahoe
68%
B Largest city in Montana Billings
63%
Y River in Alaska Yukon River
63%
R Mountain in South Dakota Mt. Rushmore
60%
Z National Park in Utah Zion National Park
56%
W Tallest mountain in California Mt. Whitney
40%
S River that goes through Idaho Snake River
38%
No matching quizzes found
Score Distribution
Percent of People with Each Score
Percentile by Number Answered
Your Score History
You have not taken this quiz